00680 a2200181 4500999001900000001000600019003000500025005001700030008004100047082001600088100007400104245009500178260006500273300001000338500001700348942003500365952009800400 c327413d32741392340NUST20180120151218.0180120b xxu||||| |||| 00| 0 eng d a327.117 NIE aThomas Galasz Nielsen, Mahroona Hussain Syed & David Vestenskov99265 aCounterinsurgency and Counterterrorism : Sharing Experiences in Afghanistan and Pakistan aDenmarkbRoyal Denish Defence College Publishing Housec2015 a356p. aGeenral Book aCEA NUSTcBKk327.117 NIE2ddc 001040708NFICaCAEbCAEd2017-04-03l0o327.117 NIEpCAEG-9984r2017-04-05w2017-04-05yBK